Applied development psychology (Record no. 1101195)

MARC details
000 -LEADER
fixed length control field 00970nam a2200301Ia 4500
003 - CONTROL NUMBER IDENTIFIER
control field OSt
005 - DATE AND TIME OF LATEST TRANSACTION
control field 20221006153717.0
008 - FIXED-LENGTH DATA ELEMENTS--GENERAL INFORMATION
fixed length control field 221006b |||||||| |||| 00| 0 eng d
020 ## - INTERNATIONAL STANDARD BOOK NUMBER
International Standard Book Number 1929994059780
037 ## - SOURCE OF ACQUISITION
Terms of availability Annuals, Advances
040 ## - CATALOGING SOURCE
Original cataloging agency EASL
Transcribing agency EASL
Language of cataloging eng
041 ## - LANGUAGE CODE
Source of code eng
Language code of text/sound track or separate title eng
100 ## - MAIN ENTRY--PERSONAL NAME
Personal name Shwalb David W. Au.
9 (RLIN) 665062
245 #0 - TITLE STATEMENT
Title Applied development psychology
Remainder of title Theory, Practice, and Research from Japan
260 ## - PUBLICATION, DISTRIBUTION, ETC.
Place of publication, distribution, etc. Greenwich
Name of publisher, distributor, etc. Information age Publishing
Date of publication, distribution, etc. 2005
300 ## - PHYSICAL DESCRIPTION
Extent xvii,353p.
Dimensions cm.
490 ## - SERIES STATEMENT
Volume/sequential designation JEL
650 ## - SUBJECT ADDED ENTRY--TOPICAL TERM
Topical term or geographic name entry element JEL
650 ## - SUBJECT ADDED ENTRY--TOPICAL TERM
Topical term or geographic name entry element Child psycology - Japan
9 (RLIN) 665063
700 ## - ADDED ENTRY--PERSONAL NAME
Personal name Nakazawa Jun Au.
9 (RLIN) 665064
700 ## - ADDED ENTRY--PERSONAL NAME
Personal name Shwaib Barbara J. Au.
9 (RLIN) 665065
942 ## - ADDED ENTRY ELEMENTS (KOHA)
Classification part S1.42, P5
Koha item type Reference
Source of classification or shelving scheme Colon Classification (CC)
Holdings
Withdrawn status Lost status Source of classification or shelving scheme Damaged status Not for loan Home library Current library Date acquired Source of acquisition Serial Enumeration / chronology Total Checkouts Full call number Barcode Date last seen Price effective from Koha item type
    Colon Classification (CC)     Department of East Asian Studies Library Department of East Asian Studies Library 2022-10-06 Gift, Shinnyo-en JEL   S1.42 P5 EA1393532 2022-10-06 2022-10-06 Reference
Copyright @ Delhi University Library System